00524nam a2200157 a 450000100060000000300090000600800410001504000280005608200170008410000310010124500540013226000700018630000210025649000600027765000290033712537CO-ViMGA141112s2004 ck r 000 u spa d aCO-ViMGAbspacCO-ViMGA04a922.226 M35B1 aBriceño, Jauregui Manuel10aBenito Menni : bSamaritano de Dios (1841 - 1914) aBogotá : bAcademia Colombiana de Historia Eclesiastica, c1985 a55p. : il. color aHermanas Hospitalarias del Sagrado Corazón de Jesún14aMENNI BENITO 1841 - 1914